000 00346nam a2200133Ia 4500
008 100328s9999 xx 000 0 und d
082 _b23443
100 _aForsyth Frederick
245 _aThe Devil's Alternative
260 _bCorqi Books puplishers
630 _aThe Devil's Alternative
730 _aThe Devil's Alternative
942 _cBOOK
999 _c517141
_d517138